000
00308nam a22001337a 4500
008
180301b xxu||||| |||| 00| 0 eng d
020
_a
92549
041
_a
eng
080
_a
101
100
_a
24
101
_a
FIL
245
_a
The Philosophy of the 16th and 17th Centuries
_c
Popkin, R.H
942
_2
udc
_c
BK
999
_c
43791
_d
43791